000 00446nam a22001697a 4500
003 CEME
005 20210628210714.0
008 210211b xxu||||| |||| 00| 0 eng d
020 _a0-07-882393-5
040 _c.
082 _a005.7565 ABB
100 _aAbbey, michael corey, michael.j
_980638
245 _aOracle 8 a beginner's guide
260 _aOSBORNE
_bMCGRAW HILL
_c1997
650 _aORACLE 8 FOR BEGINNER'S
_980639
942 _cBK
_2ddc
999 _c585534
_d585534